000 00617nam a2200205 a 4500
001 2235
005 20221127090405.0
008 100928s lxxua | 00100|eng d
020 _a9780071267472 :
_cSR214.00
035 _a269
082 0 4 _a658.3
_bB456 2010
100 1 _aBernardin, H. John.
245 1 0 _aHuman resource management :
_ban experiential approach /
_cH. John Bernardin.
250 _a5th ed.
260 _aBoston, Mass. :
_bMcGraw-Hill,
_c2010.
300 _axiii, 813 p. :
_bill. ;
_c28 cm.
504 _aIncludes bibl. references and index.
650 4 _aPersonnel management.
650 4 _aEmployees.
999 _c2233
_d2233